000 00731nam a22002415u 4500
001 23058
003 BD-RJUL
005 20211209000903.0
008 140310r19741959enk 00| | eng d
020 _a0413314901
035 _a(BD-RjUL)23123
040 _aUkOxU
_beng
_cUkOxU
041 1 _aeng
_hger
082 _a833.91
_bFRH 1974
100 1 _aFrisch, Max,
_d1911-1991.
_961375
245 1 0 _aHomo faber :
_ba report /
_cby Max Frisch ; translated from the German by Michael Bullock.
260 _aLondon :
_bEyre Methuen,
_c1974.
300 _a219 p. ;
_c21 cm.
500 _aOriginally published London : Abelard-Schuman, 1959.
700 1 _aBullock, Michael,
_d1918-2008
_971113
942 _2ddc
_cBK
999 _c23058
_d23058